000 01210cam a2200325 i 4500
001 11789278
003 EG-ScBUE
005 20250729084121.0
008 990915t2000 dcua f b 101 0 eng d
020 _a0841236380 (alk. paper)
020 _a9780841236387
040 _aDLC
_beng
_erda
_cDLC
_dDLC
_dEG-ScBUE
082 0 4 _a543.089
_222
_bUNI
245 0 0 _aUnified chromatography /
_cJ.F. Parcher, editor, T.L. Chester, editor.
264 1 _aWashington, D.C. :
_bAmerican Chemical Society,
_c[2000]
264 4 _cc2000
300 _ax, 250 pages :
_billustrations ;
_c24 cm.
336 _2rdacontent
_atext
_btxt
337 _aunmediated
_2rdamedia
_bn
338 _avolume
_bnc
_2rdacarrier
490 0 _aACS symposium series ;
_v748
504 _aIncludes bibliographical references and index.
650 7 _aChromatographic analysis
_vCongresses.
_2BUEsh
_96886
655 _vReading book
700 1 _aParcher, J. F.,
_eeditor.
_96887
700 1 _aChester, T. L.,
_eeditor.
_96888
856 4 2 _3Publisher description
_uhttp://www.loc.gov/catdir/enhancements/fy0604/99047736-d.html
856 4 1 _3Table of contents only
_uhttp://www.loc.gov/catdir/enhancements/fy0604/99047736-t.html
942 _2ddc
_cBB
999 _c12019
_d12019